Brewery utilities
Uloženo v:
| Korporativní autor: | |
|---|---|
| Médium: | Kniha |
| Jazyk: | španělština |
| Vydáno: |
Núremberg
European Brewery Convention
1997
|
| Edice: | Manual of Good Practice
|
| Témata: | |
| Tagy: |
Přidat tag
Žádné tagy, Buďte první, kdo vytvoří štítek k tomuto záznamu!
|
MARC
| LEADER | 00000cam a2200000 a 4500 | ||
|---|---|---|---|
| 001 | UCG8731 | ||
| 003 | CL-VaPUC | ||
| 008 | 111229e19970000GW |||||||||||||||||spa|d | ||
| 020 | |a 3418007562 | ||
| 082 | 0 | 4 | |a 663.3 |b EBC |2 21 |
| 110 | 2 | |a EBC Technology and Engineering Forum |e author |9 559868 | |
| 245 | 1 | 0 | |a Brewery utilities |
| 300 | |a 200 p | ||
| 942 | |c BK | ||
| 945 | |d 20111229 00:00:00 |a cmena | ||
| 260 | |a Núremberg |b European Brewery Convention |c 1997 | ||
| 650 | 0 | |a Bebidas fermentadas |9 557389 | |
| 650 | 7 | |a TECNOLOGIA DE ALIMENTOS |2 CL-VaPUC |9 559869 | |
| 650 | 7 | |a FABRICACION DE CERVEZA |2 CL-VaPUC |9 559870 | |
| 583 | |a last modification |c 20180827 03:12:18 |k Rodrigo Vera | ||
| 490 | 0 | |a Manual of Good Practice | |
| 999 | |c 346329 |d 346327 | ||
| 952 | |0 0 |1 0 |4 0 |6 663_300000000000000_EBC_1997 |7 0 |8 A |9 446991 |a BIBALI |b BIBALI |c GEN |d 2019-11-22 |i 4819985 |l 6 |m 1 |o 663.3 EBC 1997 |p 4819985 |r 2025-01-20 |s 2023-04-03 |w 2019-11-22 |y BK |k ALI | ||